00000000nam 2200000zi 4500
0019.954177
003CaOODSP
00520250818102333
006m     o  d f      
007cr cn|||||||||
008250818t20252025oncd    obs  f000 0 fre d
040 |aCaOODSP|bfre|erda|cCaOODSP
043 |an-cn---
0861 |aCS14-28-0001/2025-1-5F-PDF
1001 |aHardy, Vincent, |eauteur.
24510|aSécurité d’emploi perçue, 2025 / |cpar Vincent Hardy.
264 1|a[Ottawa] : |bStatistique Canada = Statistics Canada, |c2025.
264 4|c©2025
300 |a1 ressource en ligne (5 pages) : |bgraphiques.
336 |atexte|btxt|2rdacontent/fre
337 |ainformatique|bc|2rdamedia/fre
338 |aressource en ligne|bcr|2rdacarrier/fre
4901 |aQualité de l'emploi au Canada, |x2818-1255
500 |aTitre de la couverture.
500 |a« Date de diffusion : le 18 août 2025. »
500 |aPublié aussi en anglais sous le titre : Perceived job security, 2025.
504 |aComprend des références bibliographiques.
650 6|aSécurité d'emploi|zCanada|vStatistiques.
655 7|aStatistiques|2rvmgf
7102 |aStatistique Canada, |eorganisme de publication.
77508|tPerceived job security, 2025 / |w(CaOODSP)9.954176
830#0|aQualité de l'emploi au Canada,|x2818-1255|w(CaOODSP)9.940414
85640|qPDF|s259 Ko|uhttps://publications.gc.ca/collections/collection_2025/statcan/14-28-0001/CS14-28-0001-2025-1-5-fra.pdf
8564 |qHTML|sS.O.|uhttps://www150.statcan.gc.ca/n1/pub/14-28-0001/2025001/article/00005-fra.htm